Подробности
| 000 -МАРКЕР |
| контрольное поле |
01552nam2a22002891 4500 |
| 001 - ИДЕНТИФИКАТОР ЗАПИСИ |
| контрольное поле |
rc\3606901 |
| 005 - ИДЕНТИФИКАТОР ВЕРСИИ |
| контрольное поле |
20260406090236.0 |
| 021 ## - НОМЕР ГОСУДАРСТВЕННОЙ РЕГИСТРАЦИИ |
| Код страны |
Российская Федерация |
| Номер |
[72-15883] |
| 035 ## - ДРУГИЕ СИСТЕМНЫЕ НОМЕРА |
| Идентификатор записи |
(NLR Aleph) 007815195 |
| 100 ## - ДАННЫЕ ОБЩЕЙ ОБРАБОТКИ |
| Данные общей обработки |
20130115d1972 |||y0rusy50 ca |
| 101 0# - ЯЗЫК РЕСУРСА |
| Язык текста, звукозаписи и т.д. |
русский |
| 102 ## - СТРАНА ПУБЛИКАЦИИ ИЛИ ПРОИЗВОДСТВА |
| Страна публикации |
Российская Федерация |
| 105 ## - ПОЛЕ КОДИРОВАННЫХ ДАННЫХ: ТЕКСТОВЫЕ МАТЕРИАЛЫ, МОНОГРАФИЧЕСКИЕ |
| Кодированные данные о монографическом текстовом документе |
y z ||||| |
| 200 1# - ЗАГЛАВИЕ И СВЕДЕНИЯ ОБ ОТВЕТСТВЕННОСТИ |
| Основное заглавие |
Этика как философская наука |
| Первые сведения об ответственности |
С.Ф. Анисимов |
| 210 ## - ПУБЛИКАЦИЯ, РАСПРОСТРАНЕНИЕ И ДР. |
| Дата издания, распространения и т.д. |
1972 |
| 215 ## - ФИЗИЧЕСКАЯ ХАРАКТЕРИСТИКА |
| Специфическое обозначение материала и объем |
66 с. |
| 320 ## - ПРИМЕЧАНИЯ О НАЛИЧИИ В ДОКУМЕНТЕ БИБЛИОГРАФИИ / УКАЗАТЕЛЯ |
| Текст примечания |
Список лит.: с. 62-65 |
| 461 #0 - УРОВЕНЬ НАБОРА |
| Встроенное поле |
001rc\3606900 |
| -- |
2001#$aМарксистско-ленинская этика$eЛекции по курсу$fНауч.-метод. каб. по заоч. и веч. обучению МГУ им. М.В. Ломоносова$vЧ. 1 |
| Системный номер (АБИС) связанной записи |
7726160 |
| Место публикации |
Москва |
| Дата публикации |
1972- |
| Первые сведения об ответственности |
Науч.-метод. каб. по заоч. и веч. обучению МГУ им. М.В. Ломоносова |
| Имя издателя, распространителя и т.д. |
Изд-во МГУ |
| Сведения, относящиеся к заглавию |
Лекции по курсу |
| Заглавие |
Марксистско-ленинская этика |
| Номер тома |
Ч. 1 |
| 604 ## - ИМЯ И ЗАГЛАВИЕ КАК ПРЕДМЕТ |
| Связываемые данные |
50010$aЭтика как философская наука |
| -- |
700#1$aАнисимов$bС.Ф.$gСергей Федорович |
| Заглавие |
Этика как философская наука |
| Имя лица |
Анисимов, Сергей Федорович |
| 700 #1 - ИМЯ ЛИЦА - ПЕРВИЧНАЯ ОТВЕТСТВЕННОСТЬ |
| Код отношения |
Автор |
| Графика поля |
Кириллица |
| Материалы, к которым относится поле |
rus |
| Начальный элемент ввода |
Анисимов |
| Часть имени, кроме начального элемента ввода |
С. Ф. |
| Дополнения к именам, кроме дат |
д-р филос. наук |
| Даты |
1922-2005 |
| Расширение инициалов личного имени |
Сергей Федорович |
| Идентификатор авторитетной/нормативной записи |
RU\NLR\AUTH\770280788 |
| Системный номер авторитетной/нормативной записи |
2652755 |
| 801 #0 - ИСТОЧНИК ЗАПИСИ |
| Страна |
Российская Федерация |
| Организация |
NLR |
| Правила каталогизации |
psbo |
| 801 #1 - ИСТОЧНИК ЗАПИСИ |
| Страна |
Российская Федерация |
| Организация |
ELAR |
| Источник данных |
rusmarc |
| 852 ## - МЕСТОНАХОЖДЕНИЕ И ШИФР ХРАНЕНИЯ |
| Идентификатор организации |
NLR |
| Шифр хранения (Call Number) |
72-6/2354 |
| 942 ## - ДОПОЛНИТЕЛЬНЫЕ ЭЛЕМЕНТЫ ЗАПИСИ (АБИС) |
| Тип экземпляра АБИС |
Книга |
| 980 ## - КОЛЛЕКЦИЯ |
| Название коллекции |
Национальная библиография |